Regional quality of life indicators (Record no. 117585)

MARC details
000 -LEADER
fixed length control field 01040cam a2200217 4500
001 - CONTROL NUMBER
control field WB4024-06
008 - FIXED-LENGTH DATA ELEMENTS--GENERAL INFORMATION
fixed length control field 040623n2004 000 0 eng u
035 ## - SYSTEM CONTROL NUMBER
System control number (Sirsi) u126581
245 ## - TITLE STATEMENT
Title Regional quality of life indicators
260 ## - PUBLICATION, DISTRIBUTION, ETC.
Date of publication, distribution, etc. 2004
490 ## - SERIES STATEMENT
Series statement DEFRA News Release
Volume/sequential designation 234/04 22 June 2004 (4)
520 ## - SUMMARY, ETC.
Summary, etc. According to the Environment Minister good progress is being made in tackling social, economic and environmental issues across the English regions. Comments are based on the "Regional quality of life counts" - a report published by DEFRA. This annual snapshot compares regional progress against the government's 15 headline indicators of sustainable development, including reducing crime and reusing previously developed land for housing. http://www.defra.gov.uk/news/2004/040622a.htm
590 ## - LOCAL NOTE (RLIN)
Local note WB
590 ## - LOCAL NOTE (RLIN)
Local note WB
650 ## - SUBJECT ADDED ENTRY--TOPICAL TERM
Topical term or geographic name entry element QUALITY OF LIFE COUNTS
650 ## - SUBJECT ADDED ENTRY--TOPICAL TERM
Topical term or geographic name entry element SUSTAINABLE DEVELOPMENT
650 ## - SUBJECT ADDED ENTRY--TOPICAL TERM
Topical term or geographic name entry element ENGLISH REGIONS
650 ## - SUBJECT ADDED ENTRY--TOPICAL TERM
Topical term or geographic name entry element ENVIRONMENT
9 (RLIN) 6238
690 ## - LOCAL SUBJECT ADDED ENTRY--TOPICAL TERM (OCLC, RLIN)
Topical term or geographic name as entry element DEVELOPMENT-SUSTAINABLE
942 ## - ADDED ENTRY ELEMENTS (KOHA)
Suppress in OPAC 0
Holdings
Withdrawn status Lost status Source of classification or shelving scheme Damaged status Not for loan Home library Current library Shelving location Date acquired Total Checkouts Full call number Barcode Date last seen Copy number Price effective from Koha item type
    Dewey Decimal Classification     London London News article 24/06/2004   WB4024-06 126581-1001 06/08/2019 1 06/08/2019 News article